000 01224nam a2200241 4500
005 20250325125820.0
008 250325b |||||||| |||| 00| 0 eng d
020 _a9780804748803
037 _cTextual
040 _aRTL
_cRTL
084 _aY:5:5(Y).41 P5
_qRTL
100 _aGreenhalgh, Susan
245 _aGoverning china's population
260 _aCalifornia
_bStanford university press
_c2005
300 _axiv, 394p.
_bIncludes notes, abbreviations, references and index
520 _aChina's giant project in social engineering has drawn worldwide attention, both because of its coercive enforcement of strict birth limits, and because of the striking changes that have occurred in China's population: one of the fastest fertility declines in modern history and a gender gap among infants that is the highest in the world. These changes have contributed to an imminent crisis of social security for a rapidly aging population, provoking concern in China and abroad.
600 _aWinckler, Edwin A.
_9747534
650 _aAsian Studies
650 _aChina- History
650 _aAnthropology
650 _a Comparative Politics
_9747471
942 _2CC
_n0
_cTB
_hY:5:5(Y).41 P5
999 _c1269244
_d1269244